000 00523nam a2200193 a 4500
001 1771665202784
003 YourLibrary
005 20260221144452.0
008 260221s1968##################000#0#eng##
020 _a9780714613932
082 0 4 _a338.27309
_bFEL
100 1 _aFell, Alfred,
_eauthor.
245 1 0 _aThe Early Iron Industry of Furness and District :
260 _bRoutledge,
_c1968.
300 _a462 pages
650 0 _aBusiness & Economics.
942 _cENGLISH
040 _aYourLibrary
_beng
_cYourLibrary
999 _c615145
_d615145